| 000 | 00883nam a2200289 4500 | ||
|---|---|---|---|
| 003 | OSt | ||
| 005 | 20260601193527.0 | ||
| 008 | 260508b2003 xxua|||| |||| 00| 0 eng d | ||
| 020 | _a9063690207 | ||
| 040 |
_aICI _bspa _cICI |
||
| 041 | _aeng | ||
| 050 |
_aNC1002 _bT68 2003 |
||
| 245 | 1 | _aTotal Identity | |
| 264 |
_aAmsterdam : _bBIS Publishers, _c2003 |
||
| 300 |
_a237 páginas : _bilustraciones a color |
||
| 336 |
_atexto _2rdacontent |
||
| 337 |
_asin medio _2rdamedia |
||
| 338 |
_avolumen _2rdacarrier |
||
| 500 | _aObra ilustrada sobre identidad corporativa y comunicación visual | ||
| 650 |
_aIdentidad corporativa _935860 |
||
| 650 |
_aDiseño gráfico _935861 |
||
| 650 |
_aImagen corporativa _935862 |
||
| 650 |
_aComunicación visual _935863 |
||
| 650 |
_aMarcas comerciales _xDiseño _935864 |
||
| 655 |
_2local _aLibros ilustrados _935865 |
||
| 942 |
_2lcc _cB _n1 |
||
| 999 |
_c21211 _d21211 |
||